Report of the national police commission (Record no. 493895)

000 -LEADER
fixed length control field 00368cam a22001097a 4500
008 - FIXED-LENGTH DATA ELEMENTS--GENERAL INFORMATION
fixed length control field 180718b xxu||||| |||| 00| 0 eng d
082 ## - DEWEY DECIMAL CLASSIFICATION NUMBER
Classification number N4x54 In2
245 ## - TITLE STATEMENT
Title Report of the national police commission
Statement of responsibility, etc. by Ministry of Home Affairs; India
260 ## - PUBLICATION, DISTRIBUTION, ETC.
Place of publication, distribution, etc. Delhi
Name of publisher, distributor, etc. The Controller of Publications
Date of publication, distribution, etc.
500 ## - GENERAL NOTE
General note Library has 7th and 8th report
700 ## - ADDED ENTRY--PERSONAL NAME
Personal name Ministry of Home Affairs
Holdings
Withdrawn status Lost status Damaged status Not for loan Permanent Location Current Location Date acquired Full call number Barcode Date last seen Price effective from Koha item type
        Indian Institute of Public Administration Indian Institute of Public Administration 2018-08-04 N4x54 In2 G16005 2018-08-04 2018-08-04 G
        Indian Institute of Public Administration Indian Institute of Public Administration 2018-08-04 N4x54 In2 GG33655 2018-08-04 2018-08-04 GG
        Indian Institute of Public Administration Indian Institute of Public Administration 2018-08-04 N4x54 In2 GG33364 2018-08-04 2018-08-04 GG
        Indian Institute of Public Administration Indian Institute of Public Administration 2018-08-04 N4x54 In2 GG32284 2018-08-04 2018-08-04 GG

Powered by Koha